000 00658nam a2200229Ia 4500
003 OSt
005 20220925222937.0
006 a|||||r|||| 00| 0
007 ta
008 220923b |||||||| |||| 00| 0 eng d
020 _a0415044618
037 _cGeneral Book
040 _aRTL
_cRTL
_beng
041 _2eng
_aeng
082 _aY73(P31).4498.N8, N0
100 _aSpencer Jonathan
_9263052
245 0 _aSrilanka
_b History and the roots of Conflict
260 _aLondon
_bRoultedge Pub.
_c1990
300 _axii ,253p
_ccm.
942 _hY73(P31).4498.N8, N0
_cGB
_2CC
999 _c578234
_d578234